[Event "Collado Villalba op 40th"]
[Site "Collado Villalba"]
[Date "2023.08.25"]
[Round "4"]
[White "Perez Garcia, Jimena"]
[Black "Enriquez Pastor, Jorge"]
[Result "1-0"]
[WhiteElo "1849"]
[BlackElo "1448"]
[PlyCount "49"]
[EventDate "2023.08.22"]
[EventType "swiss"]
[EventRounds "9"]
[EventCountry "ESP"]
[SourceTitle "EXT 2024"]
[Source "ChessBase"]
[SourceDate "2023.10.10"]
[SourceVersion "1"]
[SourceVersionDate "2023.10.10"]
[SourceQuality "1"]

1. d4 d5 2. c4 c6 3. Nf3 Nf6 4. Qc2 e6 5. Nbd2 Nbd7 6. g3 Bd6 7. Bg2 0-0 8. 0-0 Re8 9. b3 e5 10. cxd5 Nxd5 11. Nc4 Nb4 12. Qd2 Qc7 13. dxe5 Bxe5 14. Ncxe5 Nxe5 15. Qxb4 Nxf3+ 16. Bxf3 Bh3 17. Rd1 Qe5 18. Bf4 Qf5 19. Qxb7 g5 20. Be3 g4 21. Bxc6 Red8 22. Qe7 Rxd1+ 23. Rxd1 Qc2 24. Qg5+ Qg6 25. Bxa8 1-0

[Event "Valdepenas U1600 op 2nd"]
[Site "Valdepenas"]
[Date "2020.07.25"]
[Round "2.1"]
[White "Enriquez Pastor, Jorge"]
[Black "Ferrer Escudero, Francisco Jose"]
[Result "1/2-1/2"]
[WhiteElo "1446"]
[BlackElo "1590"]
[PlyCount "107"]
[EventDate "2020.07.25"]
[EventType "swiss (rapid)"]
[EventRounds "7"]
[EventCountry "ESP"]
[SourceTitle "EXT 2024"]
[Source "ChessBase"]
[SourceDate "2023.10.10"]
[SourceVersion "1"]
[SourceVersionDate "2023.10.10"]
[SourceQuality "1"]

1. e4 e5 2. Nf3 Nc6 3. Bb5 a6 4. Ba4 Nf6 5. 0-0 d6 6. d4 exd4 7. Nxd4 Bd7 8. Nxc6 Bxc6 9. Bxc6+ bxc6 10. Re1 Be7 11. Nd2 0-0 12. Nf3 Qd7 13. Bg5 h6 14. Bh4 Rfe8 15. e5 Nd5 16. Bg3 Qg4 17. Qd4 Qxd4 18. Nxd4 dxe5 19. Nxc6 Bd6 20. Bxe5 Bxe5 21. Rxe5 Rxe5 22. Nxe5 Re8 23. Nd3 Re2 24. Rc1 a5 25. Kf1 Re4 26. c3 Nb6 27. b3 a4 28. c4 axb3 29. axb3 Kf8 30. Ra1 Ke7 31. Ra7 Kd8 32. f3 Re3 33. Nc5 g6 34. Ra1 Ke7 35. Rd1 f5 36. Kf2 Rc3 37. Rd2 Rc1 38. Na6 Rc3 39. Nc5 Ke8 40. Re2+ Kf7 41. Rd2 Ke7 42. g3 Ke8 43. h3 Ke7 44. h4 h5 45. f4 Ke8 46. Re2+ Kf7 47. Re3 Rc2+ 48. Kf3 Rb2 49. Na6 c6 50. Nb4 Nxc4 51. bxc4 Rxb4 52. Rc3 c5 53. Ke2 Ke7 54. Ke3 1/2-1/2

[Event "Madrid-ch Previa-A"]
[Site "Madrid"]
[Date "2019.02.06"]
[Round "3"]
[White "Fernandez Sanchez, Jose M"]
[Black "Enriquez Pastor, Jorge"]
[Result "0-1"]
[WhiteElo "1151"]
[BlackElo "1492"]
[PlyCount "152"]
[EventDate "2019.02.04"]
[EventType "swiss"]
[EventRounds "9"]
[EventCountry "ESP"]
[SourceTitle "EXT 2021"]
[Source "ChessBase"]
[SourceDate "2020.10.23"]
[SourceVersion "1"]
[SourceVersionDate "2020.10.23"]
[SourceQuality "1"]

1. e4 e6 2. d4 d5 3. Nc3 Nf6 4. exd5 exd5 5. Nf3 Be7 6. Bd3 0-0 7. Be3 c6 8. 0-0 Nbd7 9. Re1 Re8 10. Bg5 Bd6 11. Qd2 Be7 12. Ne2 Ne4 13. Bxe4 dxe4 14. Bxe7 Rxe7 15. Ng5 Nf6 16. Ng3 c5 17. c3 Qd5 18. c4 Qxd4 19. Qxd4 cxd4 20. N3xe4 Nxe4 21. Rxe4 Rxe4 22. Nxe4 Be6 23. c5 Rd8 24. a3 d3 25. Nd2 Rc8 26. b4 b6 27. Rc1 bxc5 28. Rxc5 Re8 29. f4 Bg4 30. Re5 Rd8 31. Re7 Ra8 32. a4 Kf8 33. Rc7 a6 34. Kf2 Bd1 35. b5 axb5 36. axb5 Rb8 37. Ke3 Bc2 38. Rc5 Re8+ 39. Kd4 Rb8 40. Kc4 Rb7 41. Rc6 Ke7 42. b6 Kd7 43. Rc7+ Rxc7+ 44. bxc7 Kxc7 45. Kd5 Kd7 46. g4 Ke7 47. Ke5 f6+ 48. Kd5 Bd1 49. g5 f5 50. h4 g6 51. Kd4 Be2 52. Ke3 Kd6 53. Nb3 Kd5 54. Nc1 Kc4 55. Nxe2 dxe2 56. Kxe2 Kd4 57. Kf3 Kd3 58. Kf2 Ke4 59. Kg3 Ke3 60. Kg2 Kxf4 61. Kh3 Kf3 62. Kh2 Kg4 63. Kg2 Kxh4 64. Kh2 Kxg5 65. Kg3 h5 66. Kf3 h4 67. Kg2 Kg4 68. Kh2 Kf3 69. Kh3 g5 70. Kh2 f4 71. Kh1 Ke2 72. Kg2 f3+ 73. Kg1 f2+ 74. Kh2 g4 75. Kg2 f1Q+ 76. Kh2 g3# 0-1

[Event "San Sebastian de los Reyes op 20th"]
[Site "San Sebastian"]
[Date "2018.12.06"]
[Round "6"]
[White "Bravo De la Vega, Alvaro"]
[Black "Enriquez Pastor, Jorge"]
[Result "0-1"]
[WhiteElo "1407"]
[BlackElo "1465"]
[PlyCount "138"]
[EventDate "2018.12.01"]
[EventType "swiss"]
[EventRounds "9"]
[EventCountry "ESP"]
[SourceTitle "CBM 187 Extra"]
[Source "ChessBase"]
[SourceDate "2018.11.04"]
[SourceVersion "1"]
[SourceVersionDate "2018.11.04"]
[SourceQuality "1"]

1. e4 e6 2. d4 d5 3. exd5 exd5 4. Bd3 Nf6 5. Ne2 c5 6. c3 Nc6 7. Be3 cxd4 8. Nxd4 Be7 9. Qa4 Bd7 10. Bb5 Nxd4 11. Bxd7+ Qxd7 12. Qxd7+ Nxd7 13. Bxd4 f6 14. 0-0 0-0 15. Nd2 Rfe8 16. Rfe1 Kf7 17. f3 b6 18. Nf1 Nc5 19. b4 Ne6 20. a3 Nxd4 21. cxd4 Rac8 22. Rac1 Rc4 23. Rxc4 dxc4 24. Rc1 b5 25. Kf2 Rc8 26. Ng3 g6 27. Ne4 Rd8 28. Ke3 f5 29. Nc3 a6 30. Rd1 Re8 31. Kf2 Rd8 32. Ke3 Bd6 33. f4 Re8+ 34. Kf3 Rd8 35. g3 Be7 36. Ke3 Bf6 37. Ne2 Re8+ 38. Kf3 Rc8 39. Nc3 Rd8 40. Ke3 g5 41. a4 Re8+ 42. Kf3 g4+ 43. Kg2 Re3 44. Nd5 Re2+ 45. Kg1 bxa4 46. Nb6 c3 47. Nxa4 c2 48. Rc1 Bxd4+ 49. Kf1 Rxh2 50. Ke1 Rh1+ 51. Kd2 Be3+ 52. Kxe3 Rxc1 53. Kd2 Ra1 54. Kxc2 Rxa4 55. Kb3 Ra1 56. Kc4 Ke6 57. Kc5 h6 58. Kc6 Ra4 59. Kc5 Kd7 60. Kc4 Kc6 61. Kb3 Ra1 62. Kc4 Rc1+ 63. Kb3 Rg1 64. Ka4 Rxg3 65. Ka5 Rg1 66. Ka4 g3 67. Ka5 g2 68. Ka4 Rd1 69. Ka5 Ra1# 0-1

[Event "Mostoles op 9th"]
[Site "Mostoles"]
[Date "2018.07.23"]
[Round "7"]
[White "De Dompablo Fantova, Juan"]
[Black "Enriquez Pastor, Jorge"]
[Result "1-0"]
[WhiteElo "1659"]
[BlackElo "1442"]
[PlyCount "105"]
[EventDate "2018.07.17"]
[EventType "swiss"]
[EventRounds "9"]
[EventCountry "ESP"]
[SourceTitle "CBM 186 Extra"]
[Source "ChessBase"]
[SourceDate "2018.08.24"]
[SourceVersion "1"]
[SourceVersionDate "2018.08.24"]
[SourceQuality "1"]

1. e4 e6 2. d3 d5 3. Nd2 c5 4. Ngf3 Nc6 5. g3 b5 6. Bg2 Nf6 7. 0-0 Bb7 8. Re1 Be7 9. Qe2 0-0 10. e5 Nd7 11. Nf1 a5 12. a4 Ba6 13. Bf4 c4 14. dxc4 bxc4 15. c3 Rb8 16. Rab1 Nc5 17. Red1 Nxa4 18. h4 Nc5 19. Bg5 Bxg5 20. Nxg5 h6 21. Nh3 Nd3 22. Nh2 Ndxe5 23. Nf4 Qf6 24. Ng4 Nxg4 25. Qxg4 Ne5 26. Qe2 g6 27. Re1 Nd7 28. Qd2 h5 29. Nh3 Kg7 30. Re3 Nc5 31. Rf3 Nb3 32. Qe3 Qe7 33. Ng5 Qd6 34. Rd1 Bb7 35. Rf4 Qc7 36. Rxf7+ Rxf7 37. Nxe6+ Kh7 38. Nxc7 Rxc7 39. Bxd5 Rd8 40. Bf3 Rxd1+ 41. Bxd1 Rd7 42. Bf3 Bxf3 43. Qxf3 Rd2 44. Qf7+ Kh6 45. Qg8 g5 46. Qxg5+ Kh7 47. Qxh5+ Kg7 48. Qg4+ Kh7 49. Qxc4 Rxb2 50. Qf7+ Kh6 51. g4 Rb1+ 52. Kg2 Rb2 53. g5# 1-0

[Event "Madrid-ch Previa-A"]
[Site "Madrid"]
[Date "2018.02.21"]
[Round "9"]
[White "Martinez Miura, Enrique"]
[Black "Enriquez Pastor, Jorge"]
[Result "1/2-1/2"]
[WhiteElo "1618"]
[BlackElo "1468"]
[PlyCount "163"]
[EventDate "2018.02.05"]
[EventType "swiss"]
[EventRounds "9"]
[EventCountry "ESP"]
[SourceTitle "EXT 2020"]
[Source "ChessBase"]
[SourceDate "2019.10.17"]
[SourceVersion "1"]
[SourceVersionDate "2019.10.17"]
[SourceQuality "1"]

1. e4 c6 2. d4 d5 3. Nc3 dxe4 4. Nxe4 Bf5 5. Ng3 Bg6 6. Nf3 Nd7 7. Bd3 Bxd3 8. Qxd3 Ngf6 9. 0-0 e6 10. Re1 Be7 11. Bf4 0-0 12. Rad1 Nb6 13. c4 Rc8 14. Qb3 h6 15. h3 Qe8 16. a4 c5 17. a5 Qa4 18. Qxa4 Nxa4 19. b3 Nc3 20. Rd3 cxd4 21. Nxd4 Bb4 22. Nc2 Ncd5 23. Nxb4 Nxb4 24. Rd2 Nc6 25. b4 Rfd8 26. Rxd8+ Rxd8 27. b5 Nb4 28. Bc7 Rd4 29. c5 Rc4 30. Bd6 Nd3 31. Rb1 Nxc5 32. Bb8 a6 33. bxa6 bxa6 34. Ba7 Nfd7 35. Nf1 Ra4 36. Bb6 Ra3 37. Nd2 f6 38. Rc1 Na4 39. Nc4 Rc3 40. Rxc3 Nxc3 41. Bc7 Nb5 42. Bd8 Kf8 43. Kf1 Ke8 44. Bb6 Nb8 45. Ke2 Kd7 46. Kd3 e5 47. g4 Nc6 48. Nd2 Nd6 49. Ke3 Kc8 50. Ke2 Kb7 51. Nb3 Nb8 52. Nc5+ Kc6 53. Ne6 g6 54. Nc5 Nd7 55. Nxa6 Nxb6 56. axb6 Kxb6 57. Nb4 Kc5 58. Nd3+ Kd4 59. f3 h5 60. gxh5 gxh5 61. Nf2 f5 62. Nd3 f4 63. Nf2 Nf5 64. Nd1 Ng3+ 65. Kf2 h4 66. Nb2 Nf5 67. Ke2 Ne3 68. Nd3 Nf5 69. Ne1 Ng3+ 70. Kf2 e4 71. fxe4 Kxe4 72. Ng2 Nf5 73. Ne1 Ne3 74. Ke2 Nf5 75. Kf2 Ne3 76. Ke2 Kf5 77. Nf3 Kg6 78. Nxh4+ Kh5 79. Nf3 Kg6 80. Nd4 Kg5 81. Ne6+ Kf5 82. Nxf4 1/2-1/2

[Event "Madrid-ch Previa-A"]
[Site "Madrid"]
[Date "2018.02.20"]
[Round "8"]
[White "Enriquez Pastor, Jorge"]
[Black "Martinez Pintor, Juan"]
[Result "1/2-1/2"]
[WhiteElo "1468"]
[BlackElo "1670"]
[PlyCount "64"]
[EventDate "2018.02.05"]
[EventType "swiss"]
[EventRounds "9"]
[EventCountry "ESP"]
[SourceTitle "EXT 2020"]
[Source "ChessBase"]
[SourceDate "2019.10.17"]
[SourceVersion "1"]
[SourceVersionDate "2019.10.17"]
[SourceQuality "1"]

1. e4 e6 2. d4 d5 3. e5 c5 4. c3 Nc6 5. Nf3 Qb6 6. Be2 cxd4 7. cxd4 Nge7 8. Nc3 Nf5 9. Bb5 Bd7 10. Bxc6 bxc6 11. a3 c5 12. dxc5 Bxc5 13. 0-0 Rc8 14. b4 Bxb4 15. Na4 Qb5 16. axb4 Qxb4 17. Bd2 Qe7 18. Nc3 Qc5 19. Rc1 Qb6 20. Ne2 0-0 21. Rxc8 Rxc8 22. Ng3 Nxg3 23. hxg3 h6 24. Be3 Qc7 25. Qa1 a5 26. Rc1 Qd8 27. Rxc8 Qxc8 28. Qxa5 Bc6 29. Nd4 Bb7 30. Nb5 Qc2 31. Nd6 Qd1+ 32. Kh2 Qh5+ 1/2-1/2